000 01447cam a2200361 a 4500
001 4963682
005 20160822195255.0
008 970718s1997 cau b 001 0 eng
020 _a0804729123 (cloth : alk. paper)
040 _aDLC
_cDLC
_dDLC
043 _an-us-ma
100 1 _aPeterson, Mark A.,
_d1960-
245 1 4 _aThe price of redemption :
_bthe spiritual economy of Puritan New England /
_cMark A. Peterson.
260 _aStanford, Calif. :
_bStanford University Press,
_c1997.
300 _aix, 325 p. :
_c23 cm.
336 _atext
337 _aunmediated
338 _avolume
500 _aOriginally presented as the author's thesis (doctoral)--Harvard University.
504 _aIncludes bibliographical references (p. [297]-317) and index.
610 2 0 _aThird Church (Boston, Mass.)
_xHistory.
610 2 0 _aWestfield Church (Mass.)
_xHistory.
650 0 _aSpirituality
_xPuritans
_xHistory.
650 0 _aEconomics
_xReligious aspects
_xPuritans
_xHistory of doctrines.
650 0 _aPuritans
_zMassachusetts
_xHistory.
650 0 _aGreat Awakening.
651 0 _aBoston (Mass.)
_xChurch history.
651 0 _aWestfield (Mass.)
_xChurch history.
651 0 _aMassachusetts
_xChurch history
_y17th century.
651 0 _aMassachusetts
_xChurch history
_y18th century.
942 _2lcc
_cBK
999 _c40073
_d40073